[Event "WCO2014"]
[Site "Tromso"]
[Date "2014.08.09"]
[Round "7.9"]
[WhiteID "6900224"]
[White "De La Riva Aguado Oscar"]
[BlackID "9400346"]
[Black "Al Qudaimi Basheer"]
[Result "1/2-1/2"]
[LiveChessVersion "1.4.3"]
[BlackElo "2396"]
[WhiteElo "2523"]

1. e4 {[%clk 1:30:51]} e5 {[%clk 1:30:37]} 2. Nc3 {[%clk 1:30:19]} Nf6
{[%clk 1:29:56]} 3. g3 {[%clk 1:29:26]} d6 {[%clk 1:25:51]} 4. Bg2
{[%clk 1:28:21]} g6 {[%clk 1:21:03]} 5. Nge2 {[%clk 1:27:08]} Bg7
{[%clk 1:20:05]} 6. h3 {[%clk 1:19:34]} O-O {[%clk 1:15:55]} 7. O-O
{[%clk 1:14:00]} Re8 {[%clk 1:11:59]} 8. d3 {[%clk 1:13:28]} Nbd7
{[%clk 1:06:07]} 9. Be3 {[%clk 1:06:05]} c6 {[%clk 0:59:53]} 10. Qd2
{[%clk 1:04:18]} b5 {[%clk 0:56:27]} 11. a3 {[%clk 1:04:38]} Nb6 {[%clk 0:55:57]}
12. f4 {[%clk 1:00:35]} exf4 {[%clk 0:52:30]} 13. Nxf4 {[%clk 0:52:33]} d5
{[%clk 0:51:31]} 14. exd5 {[%clk 0:51:15]} Nfxd5 {[%clk 0:51:40]} 15. Nfxd5
{[%clk 0:50:32]} Nxd5 {[%clk 0:51:56]} 16. Nxd5 {[%clk 0:47:27]} cxd5
{[%clk 0:50:12]} 17. Qf2 {[%clk 0:42:26]} Be6 {[%clk 0:46:36]} 18. Bd4
{[%clk 0:33:06]} Bxd4 {[%clk 0:44:25]} 19. Qxd4 {[%clk 0:32:54]} Qc7
{[%clk 0:44:05]} 20. Qf2 {[%clk 0:29:28]} Rac8 {[%clk 0:42:29]} 21. c3
{[%clk 0:27:37]} Rcd8 {[%clk 0:38:41]} 22. Rae1 {[%clk 0:24:16]} a5
{[%clk 0:32:22]} 23. g4 {[%clk 0:23:40]} b4 {[%clk 0:31:54]} 24. cxb4
{[%clk 0:17:20]} axb4 {[%clk 0:30:47]} 25. Rc1 {[%clk 0:16:16]} Qd7
{[%clk 0:26:49]} 26. axb4 {[%clk 0:13:38]} Rb8 {[%clk 0:26:56]} 27. Qf4
{[%clk 0:12:35]} Qb7 {[%clk 0:23:41]} 28. Rc4 {[%clk 0:11:29]} Qa7+
{[%clk 0:21:37]} 29. Rc5 {[%clk 0:10:03]} Rb5 {[%clk 0:19:04]} 30. Rfc1
{[%clk 0:06:44]} Qb6 {[%clk 0:17:48]} 31. Qf2 {[%clk 0:05:40]} 1/2-1/2

[Event "WCO2014"]
[Site "Tromso"]
[Date "2014.08.09"]
[Round "7.10"]
[WhiteID "9400176"]
[White "Al Badani Abdu"]
[BlackID "6900127"]
[Black "Simonet Marc"]
[Result "1/2-1/2"]
[LiveChessVersion "1.4.3"]
[BlackElo "2222"]
[WhiteElo "2180"]

1. e4 {[%clk 1:30:57]} e6 {[%clk 1:30:47]} 2. Nc3 {[%clk 1:31:02]} d5
{[%clk 1:31:04]} 3. Nf3 {[%clk 1:31:28]} Nf6 {[%clk 1:29:28]} 4. e5
{[%clk 1:31:10]} Nfd7 {[%clk 1:29:53]} 5. d4 {[%clk 1:31:30]} c5 {[%clk 1:29:42]}
6. Ne2 {[%clk 1:29:46]} cxd4 {[%clk 1:27:08]} 7. Nexd4 {[%clk 1:26:44]} Nc6
{[%clk 1:27:19]} 8. Bb5 {[%clk 1:20:12]} Qc7 {[%clk 1:20:48]} 9. O-O
{[%clk 1:18:34]} a6 {[%clk 1:08:14]} 10. Nxc6 {[%clk 1:14:16]} bxc6
{[%clk 1:07:42]} 11. Ba4 {[%clk 1:14:12]} g6 {[%clk 1:00:14]} 12. c4
{[%clk 1:12:57]} Bg7 {[%clk 0:58:39]} 13. cxd5 {[%clk 1:11:24]} cxd5
{[%clk 0:58:34]} 14. Bg5 {[%clk 1:07:23]} Kf8 {[%clk 0:39:58]} 15. Rc1
{[%clk 1:07:14]} Qb8 {[%clk 0:40:04]} 16. Qd4 {[%clk 0:49:30]} Qb6
{[%clk 0:26:03]} 17. Qh4 {[%clk 0:49:14]} Kg8 {[%clk 0:16:30]} 18. Rxc8+
{[%clk 0:41:26]} Rxc8 {[%clk 0:16:52]} 19. Bxd7 {[%clk 0:41:43]} Rc4
{[%clk 0:17:00]} 20. Bd8 {[%clk 0:38:58]} Qxb2 {[%clk 0:16:22]} 21. Qe7
{[%clk 0:38:40]} h6 {[%clk 0:16:43]} 22. Be8 {[%clk 0:36:28]} Rf4
{[%clk 0:14:14]} 23. h4 {[%clk 0:33:07]} Kh7 {[%clk 0:13:35]} 24. Bxf7
{[%clk 0:32:06]} Rxf7 {[%clk 0:13:58]} 25. Qxf7 {[%clk 0:32:16]} Rxd8
{[%clk 0:14:26]} 26. Qxe6 {[%clk 0:32:28]} d4 {[%clk 0:12:51]} 27. h5
{[%clk 0:28:14]} gxh5 {[%clk 0:13:17]} 28. Qf5+ {[%clk 0:27:46]} Kh8
{[%clk 0:12:12]} 29. Rb1 {[%clk 0:27:45]} Qa3 {[%clk 0:10:35]} 30. Nh4
{[%clk 0:20:36]} d3 {[%clk 0:10:17]} 31. Ng6+ {[%clk 0:19:58]} Kg8
{[%clk 0:10:34]} 32. Qe6+ {[%clk 0:16:57]} Kh7 {[%clk 0:11:00]} 33. Rb7
{[%clk 0:17:03]} Qc1+ {[%clk 0:10:14]} 34. Kh2 {[%clk 0:17:19]} Qg5
{[%clk 0:10:40]} 35. Rxg7+ Kxg7 {[%clk 0:11:05]} 36. f4 {[%clk 0:08:10]} Qxg6
{[%clk 0:10:18]} 37. Qe7+ {[%clk 0:08:34]} Qf7 {[%clk 0:10:44]} 38. Qxd8
{[%clk 0:08:41]} Qxf4+ {[%clk 0:10:57]} 39. g3 {[%clk 0:07:33]} Qf2+
{[%clk 0:06:34]} 40. Kh3 {[%clk 0:07:20]} Qf1+ {[%clk 0:06:42]} 41. Kh2
{[%clk 0:07:40]} Qe2+ {[%clk 0:03:39]} 42. Kh3 {[%clk 0:08:02]} Qxe5
{[%clk 0:00:37]} 43. Qxd3 {[%clk 0:05:06]} Qe6+ {[%clk 0:00:42]} 44. Kh2
{[%clk 0:03:49]} Qxa2+ {[%clk 0:01:05]} 45. Kh3 {[%clk 0:04:11]} Qe6+
{[%clk 0:25:39]} 46. Kh2 {[%clk 0:35:28]} Kf6 {[%clk 0:17:57]} 47. Qf3+
{[%clk 0:35:35]} Kg6 {[%clk 0:14:50]} 48. Qd3+ {[%clk 0:35:51]} Kg5
{[%clk 0:15:03]} 49. Qd2+ {[%clk 0:35:44]} Kf5 {[%clk 0:14:55]} 50. Qd3+
{[%clk 0:36:02]} Kg5 {[%clk 0:10:46]} 51. Qd2+ {[%clk 0:36:20]} Kf5
{[%clk 0:10:41]} 52. Qd3+ {[%clk 0:36:42]} Kg5 {[%clk 0:10:49]} 53. Qd2+
{[%clk 0:37:05]} Kf5 {[%clk 0:10:49]} 54. Qd3+ {[%clk 0:37:33]} Kf6
{[%clk 0:10:28]} 55. Qf3+ {[%clk 0:37:47]} Kg6 {[%clk 0:10:16]} 1/2-1/2

[Event "WCO2014"]
[Site "Tromso"]
[Date "2014.08.09"]
[Round "7.11"]
[WhiteID "6900020"]
[White "Garcia Paolicchi Raul"]
[BlackID "9400133"]
[Black "Al-Subaihi Khalil"]
[Result "0-1"]
[LiveChessVersion "1.4.3"]
[BlackElo "2082"]
[WhiteElo "2176"]

1. d4 {[%clk 1:30:57]} Nf6 {[%clk 1:30:53]} 2. Nf3 {[%clk 1:31:17]} e6
{[%clk 1:31:18]} 3. e3 {[%clk 1:31:37]} d5 {[%clk 1:31:42]} 4. Bd3
{[%clk 1:31:39]} c5 {[%clk 1:32:07]} 5. b3 {[%clk 1:31:49]} Nc6 {[%clk 1:32:21]}
6. Bb2 {[%clk 1:31:45]} cxd4 {[%clk 1:30:41]} 7. exd4 {[%clk 1:32:02]} Bd6
{[%clk 1:30:29]} 8. O-O {[%clk 1:31:49]} O-O {[%clk 1:29:03]} 9. Nbd2
{[%clk 1:29:17]} Nb4 {[%clk 1:23:01]} 10. Be2 {[%clk 1:28:02]} Qc7
{[%clk 1:18:37]} 11. c3 {[%clk 1:22:13]} Nc6 {[%clk 1:17:33]} 12. c4
{[%clk 1:20:21]} Ne4 {[%clk 1:16:16]} 13. a3 {[%clk 1:02:37]} f5 {[%clk 1:08:14]}
14. b4 {[%clk 0:42:00]} Qe7 {[%clk 0:55:52]} 15. Ne5 {[%clk 0:37:46]} Bxe5
{[%clk 0:52:10]} 16. dxe5 {[%clk 0:37:58]} Rd8 {[%clk 0:52:27]} 17. Nxe4
{[%clk 0:23:30]} dxe4 {[%clk 0:52:03]} 18. Qc2 {[%clk 0:20:30]} b6
{[%clk 0:51:26]} 19. Rad1 {[%clk 0:17:37]} Bb7 {[%clk 0:51:09]} 20. f3
{[%clk 0:13:21]} a5 {[%clk 0:48:47]} 21. b5 {[%clk 0:11:46]} Qc5+
{[%clk 0:48:33]} 22. Kh1 {[%clk 0:11:57]} Nd4 {[%clk 0:48:25]} 23. Bxd4
{[%clk 0:11:15]} Rxd4 {[%clk 0:48:53]} 24. Rxd4 {[%clk 0:09:44]} Qxd4
{[%clk 0:48:52]} 25. f4 {[%clk 0:05:06]} Qe3 {[%clk 0:19:23]} 26. c5
{[%clk 0:02:57]} Qxc5 {[%clk 0:04:25]} 27. Qxc5 {[%clk 0:03:14]} bxc5
{[%clk 0:04:54]} 28. Rc1 {[%clk 0:02:28]} Rc8 {[%clk 0:04:59]} 29. Kg1
{[%clk 0:02:26]} Bd5 {[%clk 0:04:54]} 30. Kf2 {[%clk 0:02:20]} h6
{[%clk 0:05:03]} 31. Ke3 {[%clk 0:02:19]} Kf8 {[%clk 0:05:17]} 32. Rb1
{[%clk 0:01:58]} Ke7 {[%clk 0:04:52]} 33. h3 {[%clk 0:02:21]} Kd7
{[%clk 0:04:04]} 34. Rc1 {[%clk 0:02:34]} g5 {[%clk 0:04:12]} 35. Bf1
{[%clk 0:01:45]} gxf4+ {[%clk 0:04:17]} 36. Kxf4 {[%clk 0:02:14]} c4
{[%clk 0:04:26]} 37. Rc3 {[%clk 0:01:46]} a4 {[%clk 0:02:26]} 38. Ke3
{[%clk 0:01:19]} Kc7 {[%clk 0:02:39]} 39. Kd4 {[%clk 0:00:45]} Kb6
{[%clk 0:03:06]} 40. Rc1 {[%clk 0:00:35]} Kxb5 {[%clk 0:02:59]} 41. Rb1+
{[%clk 0:01:04]} Ka5 {[%clk 0:02:11]} 42. Rb4 {[%clk 0:19:53]} f4
{[%clk 0:31:04]} 43. Rb2 {[%clk 0:19:36]} f3 {[%clk 0:29:36]} 44. gxf3
{[%clk 0:16:37]} exf3 {[%clk 0:30:04]} 45. Rb4 {[%clk 0:15:33]} h5
{[%clk 0:29:00]} 46. Rb1 {[%clk 0:14:05]} Rf8 {[%clk 0:23:39]} 47. Kc5
{[%clk 0:12:03]} Rc8+ {[%clk 0:20:11]} 48. Kd4 {[%clk 0:12:28]} f2
{[%clk 0:17:09]} 49. Rb2 {[%clk 0:10:04]} Rf8 {[%clk 0:17:29]} 50. Kc5
{[%clk 0:09:50]} Rf3 {[%clk 0:14:38]} 51. Kd4 {[%clk 0:08:06]} Rxa3
{[%clk 0:12:29]} 52. Rxf2 {[%clk 0:08:30]} Ra1 {[%clk 0:09:55]} 53. Kc5
{[%clk 0:05:49]} a3 {[%clk 0:09:28]} 54. Rf7 {[%clk 0:04:24]} Ka4
{[%clk 0:08:46]} 55. Bxc4 {[%clk 0:03:54]} Bxc4 {[%clk 0:07:07]} 56. Kxc4
{[%clk 0:04:12]} Rc1+ {[%clk 0:07:12]} 57. Kd3 {[%clk 0:04:39]} Rc5
{[%clk 0:05:41]} 0-1

[Event "WCO2014"]
[Site "Tromso"]
[Date "2014.08.09"]
[Round "7.12"]
[WhiteID "9400338"]
[White "Al-Aqrabi Saleh"]
[BlackID "6900089"]
[Black "Jose Queralto Daniel"]
[Result "0-1"]
[LiveChessVersion "1.4.3"]
[BlackElo "2122"]
[WhiteElo "2139"]

1. d4 {[%clk 1:30:58]} d5 {[%clk 1:30:55]} 2. c4 {[%clk 1:31:22]} dxc4
{[%clk 1:31:21]} 3. Nc3 {[%clk 1:31:23]} e5 {[%clk 1:31:37]} 4. d5
{[%clk 1:29:55]} Nf6 {[%clk 1:31:39]} 5. Bg5 {[%clk 1:26:43]} c6 {[%clk 1:23:16]}
6. e4 {[%clk 1:18:12]} h6 {[%clk 1:20:26]} 7. Bxf6 {[%clk 1:17:33]} Qxf6
{[%clk 1:20:52]} 8. Bxc4 {[%clk 1:17:40]} Be7 {[%clk 0:56:16]} 9. Nge2
{[%clk 1:15:58]} O-O {[%clk 0:55:11]} 10. O-O {[%clk 1:15:37]} b5
{[%clk 0:49:07]} 11. Bb3 {[%clk 1:14:35]} b4 {[%clk 0:48:15]} 12. Na4
{[%clk 1:14:31]} Bb7 {[%clk 0:47:57]} 13. Rc1 {[%clk 1:11:25]} Nd7
{[%clk 0:47:07]} 14. Ng3 {[%clk 1:04:41]} Rfd8 {[%clk 0:44:09]} 15. Nf5
{[%clk 1:00:33]} Bf8 {[%clk 0:38:12]} 16. Qg4 {[%clk 0:55:20]} cxd5
{[%clk 0:30:34]} 17. Rc7 {[%clk 0:53:22]} Bc6 {[%clk 0:27:18]} 18. Rxc6
{[%clk 0:48:41]} Qxc6 {[%clk 0:27:43]} 19. Bxd5 {[%clk 0:48:43]} Qa6
{[%clk 0:21:18]} 20. Bxa8 {[%clk 0:44:53]} Nf6 {[%clk 0:13:42]} 21. Nxh6+
{[%clk 0:39:16]} Kh7 {[%clk 0:14:08]} 22. Qh4 {[%clk 0:38:35]} g5
{[%clk 0:14:33]} 23. Qxg5 {[%clk 0:26:02]} Bxh6 {[%clk 0:14:51]} 24. Qf5+
{[%clk 0:26:11]} Kg7 {[%clk 0:10:03]} 25. g4 {[%clk 0:25:25]} Rxa8
{[%clk 0:09:27]} 26. g5 {[%clk 0:25:10]} Rg8 {[%clk 0:03:13]} 27. Nc5
{[%clk 0:20:32]} Qc6 {[%clk 0:02:16]} 28. Kh1 {[%clk 0:19:14]} Bxg5
{[%clk 0:00:48]} 29. Qxg5+ {[%clk 0:18:16]} Kf8 {[%clk 0:01:16]} 30. Qxe5
{[%clk 0:16:29]} Ng4 {[%clk 0:01:44]} 31. Qf5 {[%clk 0:12:15]} Qh6
{[%clk 0:00:45]} 32. Qc8+ {[%clk 0:11:58]} Ke7 {[%clk 0:01:09]} 33. Qc7+
{[%clk 0:11:21]} Ke8 {[%clk 0:01:07]} 34. Qg3 {[%clk 0:07:18]} Rh8
{[%clk 0:01:04]} 35. h3 {[%clk 0:03:32]} Rg8 {[%clk 0:00:35]} 36. Nb7
{[%clk 0:01:24]} Nxf2+ 0-1

[Event "WCO2014"]
[Site "Tromso"]
[Date "2014.08.09"]
[Round "7.32"]
[WhiteID "8200211"]
[White "Sanches Romario"]
[BlackID "14700077"]
[Black "Amonatov Farrukh"]
[Result "0-1"]
[LiveChessVersion "1.4.3"]
[BlackElo "2590"]
[WhiteElo "2083"]

1. e4 {[%clk 1:30:56]} c5 {[%clk 1:30:54]} 2. Nf3 {[%clk 1:31:23]} d6
{[%clk 1:31:18]} 3. d4 {[%clk 1:31:50]} cxd4 {[%clk 1:31:42]} 4. Nxd4
{[%clk 1:32:15]} Nf6 {[%clk 1:32:05]} 5. Nc3 {[%clk 1:32:40]} a6 {[%clk 1:32:30]}
6. Be2 {[%clk 1:32:52]} e5 {[%clk 1:32:54]} 7. Nb3 {[%clk 1:33:17]} Be7
{[%clk 1:33:17]} 8. Be3 {[%clk 1:33:21]} O-O {[%clk 1:33:24]} 9. g4
{[%clk 1:32:17]} Be6 {[%clk 1:33:41]} 10. g5 {[%clk 1:30:47]} Nfd7
{[%clk 1:34:04]} 11. h4 {[%clk 1:29:22]} Nb6 {[%clk 1:31:54]} 12. Qd2
{[%clk 1:24:56]} a5 {[%clk 1:28:01]} 13. f4 {[%clk 1:00:00]} exf4
{[%clk 1:18:05]} 14. Bxf4 {[%clk 0:58:30]} Nc6 {[%clk 1:18:17]} 15. O-O-O
{[%clk 0:57:43]} Ne5 {[%clk 1:16:35]} 16. Kb1 {[%clk 0:39:28]} a4
{[%clk 1:09:32]} 17. Nc1 {[%clk 0:39:44]} Rc8 {[%clk 1:03:28]} 18. Nb5
{[%clk 0:34:20]} Nbc4 {[%clk 1:02:32]} 19. Bxc4 {[%clk 0:32:42]} Nxc4
{[%clk 1:00:26]} 20. Qd4 {[%clk 0:33:10]} Rc6 {[%clk 0:57:03]} 21. b3
{[%clk 0:30:43]} Qa5 {[%clk 0:53:45]} 22. Bxd6 {[%clk 0:23:53]} Nxd6
{[%clk 0:53:14]} 23. Nxd6 {[%clk 0:19:58]} Bxd6 {[%clk 0:53:16]} 0-1

[Event "WCO2014"]
[Site "Tromso"]
[Date "2014.08.09"]
[Round "7.31"]
[WhiteID "14700247"]
[White "Khusenkhojaev Muhammad"]
[BlackID "8200084"]
[Black "Matoewi Roger"]
[Result "1-0"]
[LiveChessVersion "1.4.3"]
[BlackElo "2121"]
[WhiteElo "2410"]

1. Nf3 {[%clk 1:30:58]} c5 {[%clk 1:30:47]} 2. c4 {[%clk 1:31:24]} Nc6
{[%clk 1:31:07]} 3. d4 {[%clk 1:31:39]} cxd4 {[%clk 1:31:22]} 4. Nxd4
{[%clk 1:32:05]} Nf6 {[%clk 1:30:41]} 5. Nc3 {[%clk 1:32:20]} g6 {[%clk 1:30:49]}
6. g3 {[%clk 1:31:09]} Bg7 {[%clk 1:30:57]} 7. Bg2 {[%clk 1:31:34]} O-O
{[%clk 1:29:46]} 8. O-O {[%clk 1:31:51]} Nxd4 {[%clk 1:29:56]} 9. Qxd4
{[%clk 1:32:19]} d6 {[%clk 1:30:11]} 10. Qd3 {[%clk 1:31:50]} Nd7
{[%clk 1:29:44]} 11. b3 {[%clk 1:30:48]} Rb8 {[%clk 1:26:43]} 12. Bb2
{[%clk 1:27:04]} b5 {[%clk 1:24:47]} 13. cxb5 {[%clk 1:26:28]} Nc5
{[%clk 1:24:58]} 14. Qd2 {[%clk 1:25:03]} Bd7 {[%clk 1:23:43]} 15. b4
{[%clk 1:24:42]} Ne6 {[%clk 1:23:45]} 16. a4 {[%clk 1:24:19]} Rc8
{[%clk 1:22:47]} 17. Rfc1 {[%clk 1:23:27]} Nd4 {[%clk 1:21:53]} 18. Ra3
{[%clk 1:11:04]} Bg4 {[%clk 1:15:08]} 19. h3 {[%clk 1:10:19]} Be6
{[%clk 1:15:20]} 20. Nd5 {[%clk 1:09:00]} Rxc1+ {[%clk 1:03:19]} 21. Bxc1
{[%clk 1:09:26]} Bxd5 {[%clk 0:59:25]} 22. Bxd5 {[%clk 1:09:50]} Qc8
{[%clk 0:59:44]} 23. Bb2 {[%clk 1:09:32]} Qf5 {[%clk 0:59:15]} 24. Bxd4
{[%clk 1:07:25]} Qxd5 {[%clk 0:59:33]} 25. Be3 {[%clk 1:06:58]} Qb7
{[%clk 0:58:07]} 26. Ra2 {[%clk 1:04:16]} d5 {[%clk 0:55:25]} 27. Bc5
{[%clk 0:59:53]} Rd8 {[%clk 0:54:59]} 28. a5 {[%clk 0:58:37]} Qxb5
{[%clk 0:52:00]} 29. Bxa7 {[%clk 0:58:19]} e6 {[%clk 0:48:08]} 30. Bc5
{[%clk 0:57:43]} Bf8 {[%clk 0:46:09]} 31. Bxf8 {[%clk 0:56:27]} Rxf8
{[%clk 0:45:25]} 32. a6 {[%clk 0:54:26]} Ra8 {[%clk 0:45:11]} 33. Ra5
{[%clk 0:54:35]} Qb6 {[%clk 0:45:24]} 34. b5 {[%clk 0:54:58]} h5 {[%clk 0:42:34]}
35. h4 {[%clk 0:52:42]} d4 {[%clk 0:39:19]} 36. Qb4 {[%clk 0:51:49]} e5
{[%clk 0:38:47]} 37. Ra1 {[%clk 0:50:13]} e4 {[%clk 0:38:32]} 38. Qa5
{[%clk 0:50:25]} Qd6 {[%clk 0:22:29]} 39. b6 {[%clk 0:47:44]} e3 {[%clk 0:22:43]}
40. f4 {[%clk 0:46:34]} d3 {[%clk 0:22:00]} 41. b7 {[%clk 0:46:42]} Re8
{[%clk 0:18:03]} 42. a7 {[%clk 0:39:27]} 1-0

[Event "WCO2014"]
[Site "Tromso"]
[Date "2014.08.09"]
[Round "7.30"]
[WhiteID "8200041"]
[White "Gajadin Dewperkash"]
[BlackID "14700050"]
[Black "Isaev Jamshed"]
[Result "0-1"]
[LiveChessVersion "1.4.3"]
[BlackElo "2337"]
[WhiteElo "2087"]

1. e4 {[%clk 1:30:57]} c5 {[%clk 1:30:51]} 2. c3 {[%clk 1:31:22]} d5
{[%clk 1:31:10]} 3. exd5 {[%clk 1:31:50]} Qxd5 {[%clk 1:31:33]} 4. d4
{[%clk 1:32:15]} Nc6 {[%clk 1:31:29]} 5. Nf3 {[%clk 1:32:29]} Bf5
{[%clk 1:31:39]} 6. Be3 {[%clk 1:19:14]} Nf6 {[%clk 1:24:24]} 7. Qa4
{[%clk 1:05:41]} cxd4 {[%clk 1:09:57]} 8. cxd4 {[%clk 1:00:18]} Bxb1
{[%clk 1:08:39]} 9. Rxb1 {[%clk 1:00:29]} e6 {[%clk 1:08:50]} 10. Bb5
{[%clk 0:55:16]} Bd6 {[%clk 0:53:46]} 11. Rc1 {[%clk 0:49:40]} O-O
{[%clk 0:51:48]} 12. Bxc6 {[%clk 0:47:08]} bxc6 {[%clk 0:52:11]} 13. O-O
{[%clk 0:47:18]} Rfc8 {[%clk 0:51:49]} 14. h3 {[%clk 0:35:26]} a5
{[%clk 0:46:46]} 15. a3 {[%clk 0:12:23]} Rab8 {[%clk 0:45:49]} 16. Rc2
{[%clk 0:08:50]} Nd7 {[%clk 0:39:07]} 17. Re2 {[%clk 0:05:31]} Rb3
{[%clk 0:36:32]} 18. Bd2 {[%clk 0:01:26]} Rxb2 {[%clk 0:34:55]} 19. Rfe1
{[%clk 0:00:56]} Rb5 {[%clk 0:29:18]} 20. Ne5 {[%clk 0:00:35]} Nb6
{[%clk 0:25:19]} 21. Qc2 {[%clk 0:00:46]} Bxa3 {[%clk 0:25:01]} 22. Bc3
{[%clk 0:00:41]} Nd7 {[%clk 0:22:34]} 23. Nxf7 {[%clk 0:00:34]} Kxf7
{[%clk 0:22:44]} 24. Qxh7 {[%clk 0:00:39]} Nf6 {[%clk 0:19:31]} 25. Qh4
{[%clk 0:00:47]} Re8 {[%clk 0:16:59]} 26. Re5 {[%clk 0:00:56]} Qc4
{[%clk 0:17:06]} 27. Ba1 {[%clk 0:00:37]} Rxe5 {[%clk 0:17:08]} 28. Rxe5
{[%clk 0:00:39]} Qc1+ {[%clk 0:17:27]} 0-1

[Event "WCO2014"]
[Site "Tromso"]
[Date "2014.08.09"]
[Round "7.29"]
[WhiteID "14700859"]
[White "Kabilov Amin"]
[BlackID "8200165"]
[Black "Giasi Viresh"]
[Result "1-0"]
[LiveChessVersion "1.4.3"]
[BlackElo "1929"]
[WhiteElo "2181"]

1. e4 {[%clk 1:30:50]} c5 {[%clk 1:30:55]} 2. Nc3 {[%clk 1:31:11]} Nc6
{[%clk 1:30:18]} 3. g3 {[%clk 1:31:34]} e5 {[%clk 1:30:26]} 4. Bg2
{[%clk 1:31:30]} g6 {[%clk 1:30:29]} 5. d3 {[%clk 1:31:48]} Bg7 {[%clk 1:30:53]}
6. f4 {[%clk 1:31:54]} d6 {[%clk 1:26:02]} 7. Nge2 {[%clk 1:30:32]} Nge7
{[%clk 1:26:21]} 8. O-O {[%clk 1:30:46]} f5 {[%clk 1:22:05]} 9. fxe5
{[%clk 1:17:17]} Bxe5 {[%clk 0:55:28]} 10. Bh6 {[%clk 1:14:06]} Be6
{[%clk 0:49:34]} 11. Nd5 {[%clk 1:00:47]} Bxd5 {[%clk 0:36:12]} 12. exd5
{[%clk 1:01:14]} Nb4 {[%clk 0:33:59]} 13. c3 {[%clk 0:57:27]} Na6
{[%clk 0:17:47]} 14. d4 {[%clk 0:48:12]} cxd4 {[%clk 0:16:37]} 15. cxd4
{[%clk 0:48:29]} Bf6 {[%clk 0:17:01]} 16. Nf4 {[%clk 0:46:34]} Qb6
{[%clk 0:14:21]} 17. Ne6 {[%clk 0:46:47]} Nc7 {[%clk 0:12:59]} 18. Qa4+
{[%clk 0:46:12]} Nb5 {[%clk 0:12:51]} 19. Qxb5+ {[%clk 0:46:07]} Qxb5
{[%clk 0:13:04]} 20. Nc7+ {[%clk 0:46:36]} Kf7 {[%clk 0:13:29]} 21. Nxb5
{[%clk 0:46:41]} g5 {[%clk 0:13:58]} 22. h4 {[%clk 0:46:01]} Rhd8
{[%clk 0:13:25]} 23. Bxg5 {[%clk 0:46:17]} Bxg5 {[%clk 0:13:53]} 24. hxg5
{[%clk 0:46:32]} Rd7 {[%clk 0:13:14]} 25. g4 {[%clk 0:45:50]} a6 {[%clk 0:13:42]}
26. Nc3 {[%clk 0:46:19]} Kg6 {[%clk 0:14:12]} 27. gxf5+ {[%clk 0:46:29]} Nxf5
{[%clk 0:14:37]} 28. Rxf5 1-0

[Event "WCO2014"]
[Site "Tromso"]
[Date "2014.08.09"]
[Round "7.5"]
[WhiteID "9900438"]
[White "Galappaththi Chinthaka Anuruddh"]
[BlackID "7400519"]
[Black "Davy Damion"]
[Result "1-0"]
[LiveChessVersion "1.4.3"]
[BlackElo "2164"]
[WhiteElo "2125"]

1. d4 {[%clk 1:30:46]} Nf6 {[%clk 1:30:55]} 2. Nf3 {[%clk 1:30:49]} e6
{[%clk 1:31:20]} 3. e3 {[%clk 1:30:42]} b6 {[%clk 1:31:09]} 4. Bd3
{[%clk 1:30:51]} Bb7 {[%clk 1:31:33]} 5. Nbd2 {[%clk 1:31:00]} c5
{[%clk 1:28:57]} 6. O-O {[%clk 1:31:06]} Be7 {[%clk 1:28:28]} 7. b3
{[%clk 1:31:11]} Nc6 {[%clk 1:27:42]} 8. c4 {[%clk 1:29:39]} O-O {[%clk 1:25:55]}
9. Bb2 {[%clk 1:29:51]} d6 {[%clk 1:21:25]} 10. Rc1 {[%clk 1:26:36]} Re8
{[%clk 1:18:19]} 11. Re1 {[%clk 1:21:42]} Bf8 {[%clk 1:18:32]} 12. e4
{[%clk 1:17:46]} e5 {[%clk 1:11:15]} 13. d5 {[%clk 1:08:50]} Nb8 {[%clk 1:07:15]}
14. Nf1 {[%clk 1:07:10]} g6 {[%clk 1:07:28]} 15. Bc3 {[%clk 1:05:16]} Bc8
{[%clk 1:00:02]} 16. Ng3 {[%clk 1:03:23]} h5 {[%clk 0:55:32]} 17. Bd2
{[%clk 1:02:48]} Nh7 {[%clk 0:55:17]} 18. Nf1 {[%clk 1:00:35]} Bg7
{[%clk 0:54:17]} 19. h4 {[%clk 0:52:00]} Bg4 {[%clk 0:52:22]} 20. N1h2
{[%clk 0:52:17]} f5 {[%clk 0:51:38]} 21. exf5 {[%clk 0:41:08]} gxf5
{[%clk 0:43:34]} 22. Be2 {[%clk 0:28:47]} Bf6 {[%clk 0:41:53]} 23. Ng5
{[%clk 0:27:23]} Nxg5 {[%clk 0:39:13]} 24. hxg5 {[%clk 0:27:32]} Bxe2
{[%clk 0:39:06]} 25. Qxe2 {[%clk 0:27:45]} Bxg5 {[%clk 0:39:34]} 26. Bxg5
{[%clk 0:27:58]} Qxg5 {[%clk 0:39:53]} 27. Rc3 {[%clk 0:28:26]} Kf7
{[%clk 0:34:21]} 28. Rg3 {[%clk 0:28:05]} Qh6 {[%clk 0:34:10]} 29. Qf3
{[%clk 0:24:51]} f4 {[%clk 0:30:35]} 30. Rh3 {[%clk 0:23:55]} Rh8
{[%clk 0:31:01]} 31. g3 {[%clk 0:23:01]} Nd7 {[%clk 0:29:37]} 32. gxf4
{[%clk 0:22:40]} Rag8+ {[%clk 0:29:54]} 33. Kh1 {[%clk 0:22:30]} exf4
{[%clk 0:27:50]} 34. Rh4 {[%clk 0:20:05]} Qg6 {[%clk 0:12:52]} 35. Rxf4+
{[%clk 0:19:58]} Nf6 {[%clk 0:13:18]} 36. Qh3 {[%clk 0:19:14]} Rf8
{[%clk 0:06:23]} 37. Qe6+ {[%clk 0:17:45]} Kg7 {[%clk 0:06:46]} 38. Rg1
{[%clk 0:17:23]} Ng4 {[%clk 0:07:07]} 39. Qxg6+ {[%clk 0:13:24]} Kxg6
{[%clk 0:07:17]} 40. Rxf8 {[%clk 0:13:49]} Rxf8 {[%clk 0:07:30]} 41. f3
{[%clk 0:14:12]} Re8 {[%clk 0:06:04]} 42. fxg4 {[%clk 0:14:30]} Re2
{[%clk 0:06:24]} 43. gxh5+ {[%clk 0:12:18]} Kxh5 {[%clk 0:06:54]} 44. Nf3
{[%clk 0:08:42]} Rxa2 {[%clk 0:06:15]} 45. Rg2 {[%clk 0:08:27]} Ra1+
{[%clk 0:05:43]} 46. Kh2 {[%clk 0:08:49]} a6 {[%clk 0:05:53]} 47. Kg3
{[%clk 0:08:57]} Kg6 {[%clk 0:05:25]} 48. Kf4+ {[%clk 0:09:18]} Kf6
{[%clk 0:05:51]} 49. Nd2 {[%clk 0:09:21]} Ra3 {[%clk 0:05:35]} 50. Ne4+
{[%clk 0:08:08]} Ke7 {[%clk 0:06:04]} 51. Rg7+ {[%clk 0:08:19]} Kf8
{[%clk 0:05:52]} 52. Rg3 {[%clk 0:08:16]} Ke7 {[%clk 0:04:49]} 53. Kf5
{[%clk 0:08:37]} 1-0